| 000 | 01394cac a2200385 i 4500 | ||
|---|---|---|---|
| 003 | EG-GICUC | ||
| 005 | 20260121101545.0 | ||
| 008 | 980715s1998 enka frb 001 0 eng d | ||
| 020 |
_a0521641578 _qhardback |
||
| 020 |
_a0521646081 _qpaperback |
||
| 020 |
_a9780521641579 _q(hardback) |
||
| 020 |
_a9780521646086 _q(paperback) |
||
| 040 |
_aDLC _cDLC _dDLC _dEG-GICUC _beng _erda |
||
| 050 | 0 | 0 |
_aHV9069 _b.R92 1998 |
| 082 | 0 | 0 |
_a343.661 _221 |
| 092 | 0 | 4 | _221 |
| 099 | _aLaw 10 1998 | ||
| 100 | 1 |
_aRutter, Michael, _d1933- |
|
| 245 | 1 | 0 |
_aAntisocial behavior by young people / _cMichael Rutter, Henri Giller, Ann Hagell. |
| 264 |
_aCambridge, UK ; _aNew York : _bCambridge University Press, _c1998. |
||
| 300 |
_axi, 478 page : _billustrations ; _c24 cm. |
||
| 336 |
_atext _btxt _2rdacontent |
||
| 337 |
_aunmediated _bn _2rdamedia |
||
| 338 |
_avolume _bnc _2rdacarrier |
||
| 504 | _aIncludes bibliographical references (p. 389-464) and index. | ||
| 650 | 0 | _aJuvenile delinquency. | |
| 650 | 0 | _aConduct disorders in children. | |
| 700 | 1 | _aGiller, Henri. | |
| 700 | 1 | _aHagell, Ann. | |
| 856 | 4 | 2 | _uhttps://fll.law.cu.edu.eg/fulltext/bks/ENGB10-00110.pdf |
| 856 | 4 | 2 |
_3Publisher description _uhttp://www.loc.gov/catdir/description/cam029/98036581.html |
| 856 | 4 | 1 |
_3Table of contents _uhttp://www.loc.gov/catdir/toc/cam025/98036581.html |
| 905 | _a10 | ||
| 942 |
_2ddc _cBK _e21 _n0 |
||
| 999 |
_c52957 _d52957 |
||